[Event "Bekasi Percasi op 1st"]
[Site "Bekasi"]
[Date "2023.11.03"]
[Round "4"]
[White "Budhidharma, Nayaka"]
[Black "Suhendra, Andi Supardi"]
[Result "1-0"]
[WhiteElo "2092"]
[BlackElo "2118"]
[PlyCount "121"]
[EventDate "2023.11.01"]
[EventType "swiss"]
[EventRounds "9"]
[EventCountry "INA"]
[SourceTitle "CB46_2023"]
[SourceDate "2023.11.15"]
[SourceVersion "1"]
[SourceVersionDate "2023.11.15"]
[SourceQuality "1"]

1. e4 c5 2. Nc3 a6 3. g3 Nc6 4. Bg2 g6 5. Nge2 Bg7 6. 0-0 Nf6 7. d3 d6 8. h3 0-0 9. Be3 Bd7 10. f4 Rb8 11. g4 b5 12. Qe1 b4 13. Nd1 a5 14. Rb1 Ne8 15. g5 Qc8 16. Qg3 Nd4 17. Bxd4 cxd4 18. Rc1 Rb5 19. Nf2 Rc5 20. Ng4 Bxg4 21. hxg4 Rxc2 22. Kf2 f6 23. gxf6 Nxf6 24. Bf3 Nd7 25. Rh1 Nc5 26. Rcd1 Qa6 27. Qh4 Nxd3+ 28. Kg3 Kf7 29. e5 dxe5 30. f5 e4 31. Nf4 Nxf4 32. Bxe4 Qe2 33. Bxc2 Qg2+ 34. Kxf4 g5+ 35. Qxg5 Qf2+ 36. Ke4 Qxc2+ 37. Kf3 Qc6+ 38. Kf2 h6 39. Qc1 Qd5 40. b3 e5 41. Rhe1 Kg8 42. Qc4 Qxc4 43. bxc4 Rc8 44. Rc1 Kf7 45. Kf3 Ke7 46. Ke4 Kd6 47. Rh1 Kc5 48. Rcf1 Rg8 49. f6 Bf8 50. Rhg1 a4 51. Kxe5 Bd6+ 52. Ke6 Re8+ 53. Kd7 Re5 54. Rf5 b3 55. axb3 axb3 56. Rb1 Rxf5 57. gxf5 Bf8 58. Ke8 Kxc4 59. Kxf8 Kc3 60. Kg7 Kc2 61. Rxb3 1-0

[Event "Bekasi Percasi op 1st"]
[Site "Bekasi"]
[Date "2023.11.02"]
[Round "3"]
[White "Suhendra, Andi Supardi"]
[Black "Latifah, Laysa"]
[Result "1-0"]
[WhiteElo "2118"]
[BlackElo "2005"]
[PlyCount "89"]
[EventDate "2023.11.01"]
[EventType "swiss"]
[EventRounds "9"]
[EventCountry "INA"]
[SourceTitle "CB46_2023"]
[SourceDate "2023.11.15"]
[SourceVersion "1"]
[SourceVersionDate "2023.11.15"]
[SourceQuality "1"]

1. d4 Nf6 2. c4 g6 3. Nc3 Bg7 4. e4 d6 5. Nf3 0-0 6. Be2 e5 7. 0-0 exd4 8. Nxd4 Nc6 9. Be3 Re8 10. f3 a6 11. Qd2 Bd7 12. Rad1 Ne5 13. Qc1 Qc8 14. Bh6 Rb8 15. Kh1 c6 16. Bxg7 Kxg7 17. Nc2 Be6 18. f4 Neg4 19. Rxd6 b5 20. e5 Nh5 21. Nd4 Bxc4 22. Rxc6 Qd8 23. Bxg4 Bxf1 24. Rd6 Qh4 25. Bxh5 Qf2 26. Bf3 Rbc8 27. Nc6 Bc4 28. Ne4 Qf1+ 29. Qxf1 Bxf1 30. Nf6 Re6 31. Kg1 Be2 32. Rxe6 fxe6 33. Nd4 Bxf3 34. Nxe6+ Kf7 35. Ng5+ Ke7 36. gxf3 Rc1+ 37. Kf2 Rc2+ 38. Ke3 Rxb2 39. Nd5+ Ke8 40. e6 Rb1 41. Ne4 Re1+ 42. Kd4 Rd1+ 43. Ke5 Re1 44. Kd6 Kf8 45. Kd7 1-0

[Event "Jakarta Tunas Jaya I"]
[Site "Jakarta"]
[Date "2018.07.14"]
[Round "8.9"]
[White "Suhendra, Andi Supardi"]
[Black "Akmalnaidi, Akbar"]
[Result "0-1"]
[WhiteElo "2140"]
[BlackElo "2144"]
[PlyCount "56"]
[EventDate "2018.07.11"]
[EventType "swiss"]
[EventRounds "9"]
[EventCountry "INA"]
[SourceTitle "EXT 2024"]
[Source "ChessBase"]
[SourceDate "2023.10.10"]
[SourceVersion "1"]
[SourceVersionDate "2023.10.10"]
[SourceQuality "1"]

1. d4 d5 2. c4 dxc4 3. e4 e5 4. Nf3 exd4 5. Bxc4 Nc6 6. 0-0 Be6 7. Bxe6 fxe6 8. Qb3 Qd7 9. Qxb7 Rb8 10. Qa6 Nf6 11. e5 Nd5 12. Rd1 Rb6 13. Qd3 Be7 14. Nbd2 0-0 15. Nc4 Rb5 16. Qe4 Rc5 17. Ncd2 Rf4 18. Qe2 Ndb4 19. Nb3 Rc2 20. Qe1 Rg4 21. h3 Rg6 22. Nbxd4 Nxd4 23. Nxd4 Qd5 24. g4 Rc4 25. Ne2 Rcxg4+ 26. hxg4 Rxg4+ 27. Ng3 Qf3 28. Rd7 Bc5 0-1

[Event "Penang op-A 5th"]
[Site "Penang"]
[Date "2013.12.12"]
[Round "7"]
[White "Suhendra, Andi Supardi"]
[Black "Causo, Deniel"]
[Result "0-1"]
[WhiteElo "2223"]
[BlackElo "2287"]
[PlyCount "116"]
[EventDate "2013.12.09"]
[EventType "swiss"]
[EventRounds "9"]
[EventCountry "MAS"]
[SourceTitle "CBM 157 Extra"]
[Source "ChessBase"]
[SourceDate "2013.12.19"]
[SourceVersion "1"]
[SourceVersionDate "2013.12.19"]
[SourceQuality "1"]

1. d4 d5 2. c4 c6 3. Nc3 Nf6 4. Nf3 dxc4 5. a4 Bf5 6. e3 e6 7. Bxc4 Bb4 8. 0-0 0-0 9. Qe2 Bg6 10. Rd1 Nbd7 11. Ne5 Qa5 12. Nxg6 hxg6 13. Qc2 c5 14. d5 Nb6 15. Ba2 Bxc3 16. dxe6 Bb4 17. exf7+ Kh7 18. Be6 Rad8 19. Rxd8 Rxd8 20. e4 c4 21. Bf4 Bf8 22. e5 Nh5 23. Bg5 Qxe5 24. Bxd8 Qxe6 25. a5 Nd7 26. Rc1 Ne5 27. Qe4 Qf5 28. Qxf5 gxf5 29. Bc7 Nxf7 30. Rxc4 Nf6 31. Bb8 a6 32. Rc7 Nd8 33. Kf1 Bb4 34. Ba7 Bxa5 35. Rc5 Nc6 36. Rxf5 Kg6 37. Rc5 Bd8 38. Rxc6 bxc6 39. Ke2 Kf5 40. Kd3 Nd7 41. Kc4 Bf6 42. b3 Be7 43. Be3 Ne5+ 44. Kc3 Ke4 45. h3 a5 46. Bb6 Bb4+ 47. Kc2 c5 48. Bd8 Nd3 49. f3+ Kd4 50. h4 Ne1+ 51. Kb2 Nxg2 52. Bg5 Ne3 53. h5 Nf5 54. Kc2 c4 55. bxc4 Kxc4 56. Kb2 a4 57. Ka2 Bf8 58. Kb2 Ng3 0-1

[Event "Penang op-A 5th"]
[Site "Penang"]
[Date "2013.12.11"]
[Round "4"]
[White "Suhendra, Andi Supardi"]
[Black "Udani, Ian"]
[Result "1-0"]
[WhiteElo "2223"]
[BlackElo "2299"]
[PlyCount "69"]
[EventDate "2013.12.09"]
[EventType "swiss"]
[EventRounds "9"]
[EventCountry "MAS"]
[SourceTitle "CBM 157 Extra"]
[Source "ChessBase"]
[SourceDate "2013.12.19"]
[SourceVersion "1"]
[SourceVersionDate "2013.12.19"]
[SourceQuality "1"]

1. d4 d5 2. c4 c6 3. Nc3 Nf6 4. Nf3 dxc4 5. a4 Bf5 6. e3 e6 7. Bxc4 Bb4 8. 0-0 0-0 9. Qe2 Bg4 10. h3 Bh5 11. Rd1 Nbd7 12. e4 Qa5 13. e5 Nd5 14. Nxd5 cxd5 15. Bd3 Bg6 16. Ng5 Be7 17. h4 Bxg5 18. Bxg5 Qb4 19. h5 Bxd3 20. Rxd3 Rfc8 21. Rad1 Rc7 22. Rg3 Kh8 23. b3 Rg8 24. Rdd3 h6 25. Bf4 Nb8 26. Rg4 Nc6 27. Bd2 Qa3 28. Qf3 Qe7 29. Qf4 Qe8 30. Rdg3 Qf8 31. Kh2 a5 32. Rxg7 Rxg7 33. Qf6 Kh7 34. Bxh6 Rxg3 35. Bxf8 1-0

[Event "Jakarta Indonesia op 1st"]
[Site "Jakarta"]
[Date "2011.10.16"]
[Round "4"]
[White "Suhendra, Andi Supardi"]
[Black "Tedy, Sukirman"]
[Result "0-1"]
[WhiteElo "2242"]
[BlackElo "2239"]
[PlyCount "54"]
[EventDate "2011.10.13"]
[EventType "swiss"]
[EventRounds "9"]
[EventCountry "INA"]
[SourceTitle "EXT 2012"]
[Source "ChessBase"]
[SourceDate "2011.11.24"]
[SourceVersion "1"]
[SourceVersionDate "2011.11.24"]
[SourceQuality "1"]

1. d4 Nf6 2. c4 e6 3. Nc3 d5 4. Nf3 Bb4 5. e3 0-0 6. Bd3 a6 7. 0-0 dxc4 8. Bxc4 b5 9. Bd3 Bb7 10. Qe2 Bxc3 11. bxc3 Ne4 12. Qc2 f5 13. a4 bxa4 14. Ba3 Rf6 15. Rfb1 Ra7 16. Ne5 Rh6 17. f3 Qh4 18. h3 Ng5 19. Bc5 Nd7 20. Bxa7 Nxe5 21. dxe5 Bxf3 22. Qxa4 Nxh3+ 23. gxh3 Rg6+ 24. Kf1 Qxh3+ 25. Ke1 Rg1+ 26. Bf1 Qxf1+ 27. Kd2 Qe2# 0-1

[Event "World Cities"]
[Site "Jakarta "]
[Date "1997.??.??"]
[Round "7"]
[White "Kosasih, Cecep"]
[Black "Suhendra, Andi Supardi"]
[Result "1-0"]
[WhiteElo "2320"]
[BlackElo "2260"]
[PlyCount "39"]
[EventDate "1997.07.08"]
[EventType "swiss"]
[EventRounds "10"]
[EventCountry "INA"]
[SourceTitle "CBM 058 Extra"]
[Source "ChessBase"]
[SourceDate "1997.07.29"]
[SourceVersion "1"]
[SourceVersionDate "1997.07.29"]
[SourceQuality "1"]

1. d4 Nf6 2. c4 g6 3. Nf3 Bg7 4. Nc3 0-0 5. Bf4 d6 6. e3 Nbd7 7. Be2 c6 8. 0-0 Qa5 9. h3 Re8 10. Bh2 a6 11. a3 b5 12. Qc2 e5 13. dxe5 dxe5 14. Rfd1 bxc4 15. Nd2 Nb6 16. b4 cxb3 17. Nxb3 Qxc3 18. Qxc3 Nfd5 19. Qc2 e4 20. Nd4 1-0

[Event "Jakarta m1"]
[Site "Jakarta"]
[Date "1996.??.??"]
[Round "2"]
[White "Suhendra, Andi Supardi"]
[Black "Tkachiev, Vladislav"]
[Result "0-1"]
[WhiteElo "2255"]
[BlackElo "2620"]
[PlyCount "96"]
[EventDate "1996.??.??"]
[EventType "match"]
[EventRounds "2"]
[EventCountry "INA"]
[SourceTitle "EXT 1998"]
[Source "ChessBase"]
[SourceDate "1997.11.17"]
[SourceVersion "1"]
[SourceVersionDate "1997.11.17"]
[SourceQuality "1"]

1. Nf3 Nf6 2. g3 g6 3. b3 Bg7 4. Bb2 c5 5. Bg2 d5 6. 0-0 0-0 7. d3 d4 8. b4 Nfd7 9. Nbd2 Nc6 10. b5 Nce5 11. a4 Nxf3+ 12. exf3 e5 13. a5 Re8 14. Re1 Rb8 15. Nc4 Nf8 16. Bc1 Bd7 17. Rb1 Be6 18. Bd2 Bxc4 19. dxc4 f5 20. b6 a6 21. Qc1 Ne6 22. Rb3 Qf6 23. Bh6 Bxh6 24. Qxh6 Re7 25. Rbb1 Rbe8 26. Re2 Nd8 27. Rbe1 Nf7 28. Qd2 Qe6 29. Qd3 Qf6 30. c3 Nd8 31. cxd4 cxd4 32. c5 Nc6 33. Qa3 Kg7 34. Ra1 h5 35. h4 Rd8 36. Rd1 Rd5 37. Rc2 Kh8 38. Bf1 g5 39. hxg5 Qxg5 40. Bc4 Rd8 41. Kg2 h4 42. Rh1 Rh7 43. Rh3 hxg3 44. Rxg3 Qh5 45. Kf1 e4 46. Ke1 d3 47. Qb2+ Nd4 48. Rd2 Qh1+ 0-1

[Event "Jakarta m3"]
[Site "Jakarta"]
[Date "1996.??.??"]
[Round "2"]
[White "Suhendra, Andi Supardi"]
[Black "Tkachiev, Vladislav"]
[Result "0-1"]
[WhiteElo "2255"]
[BlackElo "2620"]
[PlyCount "50"]
[EventDate "1996.??.??"]
[EventType "match"]
[EventRounds "4"]
[EventCountry "INA"]
[SourceTitle "EXT 1998"]
[Source "ChessBase"]
[SourceDate "1997.11.17"]
[SourceVersion "1"]
[SourceVersionDate "1997.11.17"]
[SourceQuality "1"]

1. d4 Nf6 2. Nf3 g6 3. c4 Bg7 4. Nc3 0-0 5. e4 d6 6. Be2 e5 7. 0-0 Nc6 8. d5 Ne7 9. b4 a5 10. bxa5 Rxa5 11. Bg5 h6 12. Bxf6 Bxf6 13. Qd2 Bg7 14. Ne1 f5 15. f3 b6 16. Nd3 Kh7 17. Kh1 Bd7 18. g4 f4 19. h4 Ng8 20. Qe1 Bf6 21. h5 gxh5 22. gxh5 Bh4 23. Qd2 Bg3 24. Kg2 Bh3+ 25. Kxh3 Qh4+ 0-1

[Event "Jogyakarta"]
[Site "Jogyakarta"]
[Date "1995.??.??"]
[Round "6"]
[White "Suhendra, Andi Supardi"]
[Black "Kurniawan, Bobby"]
[Result "1-0"]
[WhiteElo "2205"]
[BlackElo "2330"]
[PlyCount "105"]
[EventDate "1995.??.??"]
[EventType "tourn"]
[EventRounds "13"]
[EventCountry "IND"]
[SourceTitle "EXT 2003"]
[Source "ChessBase"]
[SourceDate "2002.11.25"]
[SourceVersion "1"]
[SourceVersionDate "2002.11.25"]
[SourceQuality "1"]

1. Nf3 Nf6 2. g3 g6 3. Bg2 Bg7 4. 0-0 0-0 5. d3 d5 6. a3 Bg4 7. c4 dxc4 8. Ne5 c6 9. Nxg4 Nxg4 10. h3 Ne5 11. d4 Ned7 12. Nc3 Nb6 13. e3 Na6 14. Qe2 Nc7 15. Rd1 e6 16. a4 a5 17. e4 Bxd4 18. Rxd4 Qxd4 19. Be3 c5 20. Bxd4 cxd4 21. Nb5 Nxb5 22. axb5 e5 23. f4 f6 24. h4 a4 25. Bh3 Rfe8 26. fxe5 fxe5 27. Qf2 Kg7 28. Rf1 Rf8 29. Qd2 Rxf1+ 30. Bxf1 c3 31. bxc3 a3 32. Qa2 dxc3 33. Bd3 Nd7 34. g4 Nc5 35. Bc2 Kf6 36. g5+ Ke7 37. Kh2 Ne6 38. Bd1 Ra5 39. Qc4 b6 40. Bb3 Nc5 41. Qf7+ Kd8 42. Qg8+ Kd7 43. Qxh7+ Kd8 44. Qg8+ Kd7 45. Qd5+ Ke7 46. Qxe5+ Kd7 47. Bf7 c2 48. Qe8+ Kc7 49. Qc6+ Kb8 50. Qxb6+ Nb7 51. Bd5 Ra7 52. Qc6 a2 53. b6 1-0